00325nam a2200109Ia 4500008004100000020002200041100002000063245005600083260003400139300002700173650001500200200922s9999 xx 000 0 und d a978-971-9811-22-0 aAduana, Nick L. cNick L. AduanaaFinancial accounting and reporting/ aManila:bC&E Publishingc2018 axii, 586 pagesc22 cm. aAccounting